[Event "AUT-chT2O 9798"]
[Site "Austria"]
[Date "1997.11.08"]
[Round "2"]
[White "Schuh, Franz"]
[Black "Neumeier, Klaus"]
[Result "1/2-1/2"]
[WhiteElo "2260"]
[BlackElo "2250"]
[PlyCount "68"]
[EventDate "1997.??.??"]
[Source "www.chesslib.no"]
[SourceDate "2004.05.04"]

1. e4 c5 2. Nf3 d6 3. d4 cxd4 4. Nxd4 Nf6 5. Nc3 g6 6. Be3 Bg7 7. Be2 O-O 8. Nb3 Nc6 9. f4 b6 10. g4 Bb7 11. g5 Nd7 12. h4 Na5 13. Bd3 Qc7 14. Nxa5 bxa5 15. Qd2 Nc5 16. h5 Rfc8 17. hxg6 hxg6 18. Qh2 Qb6 19. Qh7+ Kf8 20. O-O e6 21. f5 exf5 22. exf5 Qc6 23. Rf2 gxf5 24. Bb5 Qc7 25. Rxf5 Qe7 26. Bf2 Be4 27. Nxe4 Qxe4 28. Rf1 Rc7 29. Bg3 Qg4 30. R1f3 Ne4 31. R5f4 Bd4+ 32. Kf1 Nxg3+ 33. Ke1 Qe6+ 34. Kd1 Be5 1/2-1/2

[Event "Zaragoza-B op"]
[Site "Zaragoza"]
[Date "1996.??.??"]
[Round "?"]
[White "Baron Rodriguez, Jesus"]
[Black "Vila Dupla, Aurelio"]
[Result "1-0"]
[WhiteElo "2205"]
[BlackElo "2295"]
[PlyCount "89"]
[EventDate "1996.04.??"]
[Source "www.chesslib.no"]
[SourceDate "2004.05.04"]

1. e4 c5 2. Nf3 d6 3. d4 cxd4 4. Nxd4 Nf6 5. Nc3 g6 6. Be3 Bg7 7. Be2 Nc6 8. h4 h5 9. Qd2 Ng4 10. Bxg4 Bxg4 11. f3 Bd7 12. O-O-O Ne5 13. b3 Qa5 14. Kb1 Rc8 15. Nd5 Qxd2 16. Rxd2 Nc6 17. a4 Be5 18. Rhd1 b6 19. c4 Nxd4 20. Bxd4 Bxd4 21. Rxd4 Bc6 22. Kb2 f6 23. Ne3 Kf7 24. Kc3 Rhg8 25. R4d2 Ke6 26. Kd4 Kd7 27. Ra1 g5 28. Rh1 Ke6 29. hxg5 Rxg5 30. f4 Rg3 31. Rxh5 Be8 32. Rh7 Rxe3 33. f5+ Kd7 34. Kxe3 Rc5 35. g4 Kd8 36. Rh8 Kd7 37. Rdh2 a6 38. Rf8 b5 39. axb5 axb5 40. Rhh8 bxc4 41. Rxe8 cxb3 42. Rd8+ Kc6 43. Rc8+ Kb5 44. Rxc5+ Kxc5 45. Kd3 1-0

[Event "Skelleftea Solett op"]
[Site "Skelleftea"]
[Date "2001.04.12"]
[Round "4"]
[White "Rantanen, Yrjo A"]
[Black "Gamback, Bjorn"]
[Result "1-0"]
[WhiteElo "2327"]
[BlackElo "2166"]
[PlyCount "80"]
[EventDate "2001.04.10"]
[Source "ChessBase"]
[SourceDate "2001.05.06"]

1. e4 c5 2. Nf3 d6 3. d4 cxd4 4. Nxd4 Nf6 5. Nc3 g6 6. Be3 Bg7 7. Be2 O-O 8. Nb3 Be6 9. f4 Nc6 10. g4 Rc8 11. f5 Bd7 12. g5 Ne8 13. O-O Ne5 14. Nd4 Bc6 15. Rf4 Nc7 16. Qf1 f6 17. h4 Qe8 18. Qg2 a6 19. Raf1 b5 20. fxg6 hxg6 21. h5 b4 22. Nd5 Nxd5 23. exd5 Bd7 24. Bxa6 Ra8 25. Bd3 gxh5 26. gxf6 exf6 27. Nf5 Ng4 28. Bd4 Qd8 29. Re1 Re8 30. Rxe8+ Qxe8 31. Nxg7 Qe1+ 32. Rf1 Qh4 33. Nf5 Bxf5 34. Bxf5 Kh8 35. Bxg4 Qxg4 36. Qxg4 hxg4 37. Rxf6 Rxa2 38. Rxd6+ Kh7 39. Rb6 Ra5 40. d6 Rd5 1-0

[Event "WYCC 2008 U14 boys"]
[Site "Vung Tau City VIE"]
[Date "2008.10.27"]
[Round "8.8"]
[White "Bukavshin, Ivan"]
[Black "Emiroglu, Cankut"]
[Result "1-0"]
[WhiteElo "2376"]
[BlackElo "2101"]
[PlyCount "155"]
[EventDate "2008.10.20"]
[Source "www.chesslib.no"]
[SourceDate "2004.05.04"]

1. e4 c5 2. Nf3 d6 3. d4 cxd4 4. Nxd4 Nf6 5. Nc3 g6 6. Be3 Bg7 7. Be2 O-O 8. Nb3 Nc6 9. f4 Be6 10. g4 Qc8 11. f5 Bxb3 12. axb3 d5 13. exd5 Rd8 14. fxg6 hxg6 15. Ra4 Nxd5 16. Nxd5 e6 17. Bf3 exd5 18. O-O d4 19. Bg5 Rd6 20. Bf4 Ne5 21. Bg2 d3 22. c3 Qc5+ 23. Kh1 Rd7 24. Re4 Re8 25. h4 Rde7 26. g5 Qc8 27. Bg3 Qd7 28. Rd4 Qc8 29. Bxe5 Rxe5 30. Rxd3 Re2 31. Rd7 R2e7 32. Rxe7 Rxe7 33. Qf3 Qe6 34. b4 Qc4 35. Qh3 b6 36. h5 gxh5 37. Qxh5 Qd3 38. Rd1 Qg6 39. Qh4 Bf8 40. Rd8 Re2 41. b3 Qb1+ 42. Kh2 Qc2 43. Qh3 Qe4 44. Qg3 Qc6 45. Kh1 Qe6 46. Rd3 Qe5 47. Kh2 Qe4 48. Rd4 Qc6 49. Kg1 Qe6 50. g6 Qe3+ 51. Qxe3 Rxe3 52. Kf2 Rxc3 53. Bd5 Kg7 54. gxf7 a5 55. Rg4+ Kf6 56. bxa5 bxa5 57. Rg8 Ke7 58. Rg4 Rc5 59. Re4+ Kd6 60. Bc4 Re5 61. Rd4+ Ke7 62. Kf3 Kf6 63. Rd8 Kg7 64. Ra8 Rc5 65. Ke4 Rg5 66. Bd5 Rg4+ 67. Kf5 Rd4 68. Bc4 Rh4 69. Bd5 Rh5+ 70. Ke4 Rh4+ 71. Kd3 Rh3+ 72. Kc4 Rh4+ 73. Kb5 Rh5 74. Kc6 Rh6+ 75. Kb7 Rh5 76. Rxa5 Kf6 77. Ra6+ Ke7 78. Bc4 1-0

[Event "SWE-chB2"]
[Site "?"]
[Date "1996.??.??"]
[Round "?"]
[White "Carlsson Ingvar"]
[Black "Thornert Hakan"]
[Result "0-1"]
[WhiteElo "2260"]
[BlackElo "2215"]
[PlyCount "50"]
[EventDate "1996.??.??"]
[Source "www.chesslib.no"]
[SourceDate "2004.05.04"]

1. e4 c5 2. Nf3 d6 3. d4 cxd4 4. Nxd4 Nf6 5. Nc3 g6 6. Be3 Bg7 7. Be2 Nc6 8. h4 h5 9. Qd2 O-O 10. O-O-O Nxd4 11. Bxd4 Be6 12. Kb1 b5 13. Bf3 b4 14. Nd5 Bxd5 15. exd5 Rb8 16. g4 hxg4 17. Bxf6 exf6 18. Bxg4 f5 19. Bf3 Qf6 20. Qc1 a5 21. Rdg1 a4 22. h5 a3 23. hxg6 fxg6 24. Rh6 Bxh6 25. Qxh6 Qxb2# 0-1

[Event "Johannesburg"]
[Site "?"]
[Date "1983.??.??"]
[Round "?"]
[White "Rubery Mark"]
[Black "Birmingham Eric"]
[Result "1/2-1/2"]
[WhiteElo "2275"]
[BlackElo "2200"]
[PlyCount "63"]
[EventDate "1983.??.??"]
[Source "www.chesslib.no"]
[SourceDate "2004.05.04"]

1. e4 c5 2. Nf3 d6 3. d4 cxd4 4. Nxd4 Nf6 5. Nc3 g6 6. Be3 Bg7 7. Be2 O-O 8. h4 h5 9. f3 Nc6 10. Qd2 d5 11. Nxc6 bxc6 12. e5 Nd7 13. f4 f6 14. e6 Nb6 15. f5 gxf5 16. Rh3 Nc4 17. Bxc4 dxc4 18. Qe2 Qd6 19. Qf3 Bxe6 20. Rg3 Bd5 21. Nxd5 Qxd5 22. Qxh5 f4 23. Qxd5+ cxd5 24. Bxf4 Kf7 25. Rd1 Rfd8 26. Ra3 e5 27. Bc1 a5 28. Ra4 Ke6 29. Bd2 Rdb8 30. b3 cxb3 31. axb3 Rc8 32. Rc1 1/2-1/2

[Event "Tch (Men) 2005/2006 BEL"]
[Site "?"]
[Date "2006.02.05"]
[Round "8"]
[White "Van Herck Marcel"]
[Black "Ahn Martin"]
[Result "1/2-1/2"]
[WhiteElo "2171"]
[BlackElo "2296"]
[PlyCount "44"]
[EventDate "2006.??.??"]
[Source "www.chesslib.no"]
[SourceDate "2004.05.04"]

1. e4 c5 2. Nf3 d6 3. d4 cxd4 4. Nxd4 Nf6 5. Nc3 g6 6. Be3 Bg7 7. Be2 Nc6 8. Nb3 O-O 9. f4 Be6 10. g4 d5 11. f5 Bc8 12. exd5 Nb4 13. Bf3 gxf5 14. a3 fxg4 15. Bg2 Na6 16. Qd3 Nd7 17. O-O-O Ne5 18. Qe2 Qd6 19. Rde1 Ng6 20. Ne4 Qc7 21. Bd4 Bh6+ 22. Kb1 Bf4 1/2-1/2

[Event "HUN-chT3 0102"]
[Site "?"]
[Date "2001.12.02"]
[Round "4.3"]
[White "Horvath Laszlo"]
[Black "Kis Gabor"]
[Result "1-0"]
[WhiteElo "2264"]
[BlackElo "2200"]
[PlyCount "59"]
[EventDate "2001.??.??"]
[Source "www.chesslib.no"]
[SourceDate "2004.05.04"]

1. e4 c5 2. Nf3 d6 3. d4 cxd4 4. Nxd4 Nf6 5. Nc3 g6 6. Be3 Bg7 7. Be2 Nc6 8. Qd2 O-O 9. Rd1 Bd7 10. O-O Nxd4 11. Bxd4 Bc6 12. f4 e5 13. fxe5 dxe5 14. Bc5 Qxd2 15. Rxd2 Rfe8 16. Bc4 b6 17. Ba3 Rac8 18. Bb3 Rc7 19. Rdf2 Rd8 20. g4 Nxe4 21. Nxe4 Bxe4 22. Rxf7 Rxf7 23. Rxf7 Kh8 24. Rxa7 Bh6 25. Be7 Rd4 26. Kf2 Bg7 27. Rc7 h5 28. Rc8+ Kh7 29. Bg8+ Kh8 30. Bd5+ 1-0

[Event "BEL Team Ch 9596"]
[Site "Antwerp BEL"]
[Date "1995.??.??"]
[Round "?"]
[White "Van Herck, Marcel"]
[Black "Ahn, Martin"]
[Result "0-1"]
[WhiteElo "2190"]
[BlackElo "2260"]
[PlyCount "54"]
[EventDate "1995.??.??"]
[Source "www.chesslib.no"]
[SourceDate "2004.05.04"]

1. e4 c5 2. Nf3 d6 3. d4 cxd4 4. Nxd4 Nf6 5. Nc3 g6 6. Be3 Bg7 7. Be2 O-O 8. f4 Nc6 9. Nb3 Be6 10. g4 Na5 11. g5 Nd7 12. Bd4 Bxd4 13. Nxd4 Bc4 14. f5 Qb6 15. Na4 Qb4+ 16. c3 Bxe2 17. Kxe2 Qc4+ 18. Ke3 d5 19. b3 Qc7 20. Nb5 Qc8 21. Qxd5 a6 22. Nd4 b5 23. Ne2 Qc7 24. Nb2 Rad8 25. fxg6 Ne5 26. gxf7+ Rxf7 27. Qe6 Qc5+ 0-1

[Event "HUN-chT1 9697"]
[Site "Hungary"]
[Date "1996.??.??"]
[Round "2"]
[White "Molnar, Zoltan"]
[Black "Schlusnik, Nandor"]
[Result "0-1"]
[WhiteElo "2220"]
[BlackElo "2225"]
[PlyCount "98"]
[EventDate "1996.??.??"]
[Source "www.chesslib.no"]
[SourceDate "2004.05.04"]

1. e4 c5 2. Nf3 d6 3. d4 cxd4 4. Nxd4 Nf6 5. Nc3 g6 6. Be3 Bg7 7. Be2 O-O 8. h4 Nc6 9. Qd2 Nxd4 10. Bxd4 Qa5 11. O-O-O Be6 12. a3 Rab8 13. f3 Rfc8 14. g4 b5 15. Nd5 Qxd2+ 16. Rxd2 Bxd5 17. exd5 a6 18. Re1 Nd7 19. Bxg7 Kxg7 20. Kb1 Nb6 21. Bd3 Rb7 22. Rde2 Kf8 23. h5 Rc5 24. hxg6 hxg6 25. Rh1 Nxd5 26. Rh8+ Kg7 27. Reh2 Nf4 28. Be4 d5 29. b4 Rcc7 30. Bxd5 Nxd5 31. g5 Nf6 32. gxf6+ Kxf6 33. Kb2 Rc6 34. Rd8 Rbc7 35. Rd3 e5 36. Re2 Kf5 37. Kb3 g5 38. c3 f6 39. Ree3 g4 40. fxg4+ Kxg4 41. a4 bxa4+ 42. Kxa4 Re7 43. Re4+ Kf5 44. Rde3 Rec7 45. Kb3 Rxc3+ 46. Ka4 Rxe3 47. Rxe3 e4 48. Ka5 Rc6 49. Rh3 Kg4 0-1

[Event "HUN-chT29899"]
[Site "HUN"]
[Date "1998.??.??"]
[Round "?"]
[White "Jonas, Zsolt"]
[Black "Pfeifer, Tamas"]
[Result "0-1"]
[WhiteElo "2140"]
[BlackElo "2305"]
[PlyCount "142"]
[EventDate "1998.??.??"]
[Source "www.chesslib.no"]
[SourceDate "2004.05.04"]

1. e4 c5 2. Nf3 d6 3. d4 cxd4 4. Nxd4 Nf6 5. Nc3 g6 6. Be3 Bg7 7. Be2 O-O 8. Qd2 Nc6 9. f3 Bd7 10. g4 Rc8 11. O-O-O Ne5 12. Rdg1 Nc4 13. Bxc4 Rxc4 14. h4 Qa5 15. Nde2 Rfc8 16. h5 b5 17. hxg6 fxg6 18. g5 b4 19. gxf6 bxc3 20. Nxc3 Bxf6 21. Qh2 Be6 22. Qxh7+ Kf8 23. Qxg6 Bf7 24. Qh7 Rxc3 25. bxc3 Qxc3 26. Bh6+ Ke8 27. Rg8+ Bxg8 28. Qxg8+ Kd7 29. Qb3 Qa1+ 30. Qb1 Qxb1+ 31. Kxb1 Rb8+ 32. Kc1 Rb2 33. Kd2 Rxa2 34. Rb1 a5 35. Be3 a4 36. Rb7+ Kc6 37. Ra7 a3 38. f4 Ra1 39. Ra5 Bb2 40. Bf2 a2 41. Ba7 Bc1+ 42. Kc3 Bxf4 43. Kb2 Re1 44. Kxa2 Rxe4 45. Kb3 Bd2 46. Rh5 Rb4+ 47. Ka3 Rb7 48. Bg1 e5 49. c4 Rb1 50. Bf2 Rf1 51. Rh2 Bf4 52. Rg2 e4 53. Kb3 e3 54. Bh4 Kc5 55. Kc3 Rc1+ 56. Kd3 Rxc4 57. Bf6 Ra4 58. Rc2+ Kd5 59. Bg7 Ra3+ 60. Ke2 Be5 61. Bh6 Ke4 62. Rc4+ Bd4 63. Bg7 Ra2+ 64. Ke1 Rd2 65. Ra4 Kd5 66. Ra5+ Bc5 67. Ra4 Kc6 68. Bc3 Rd3 69. Ba5 d5 70. Ke2 Rb3 71. Be1 d4 0-1

[Event "POR-ch"]
[Site "?"]
[Date "2002.??.??"]
[Round "7"]
[White "Cordovil Joao Maria"]
[Black "Guimaraes Rui"]
[Result "1-0"]
[WhiteElo "2259"]
[BlackElo "2181"]
[PlyCount "115"]
[EventDate "2002.??.??"]
[Source "www.chesslib.no"]
[SourceDate "2004.05.04"]

1. e4 c5 2. Nf3 d6 3. d4 cxd4 4. Nxd4 Nf6 5. Nc3 g6 6. Be3 Bg7 7. Be2 O-O 8. Nb3 b6 9. f4 Ba6 10. Bf3 Nbd7 11. Qd2 Rc8 12. O-O-O Bc4 13. g4 b5 14. Kb1 b4 15. Ne2 a5 16. Ng3 a4 17. Nc1 Qc7 18. b3 Bb5 19. Nce2 Bxe2 20. Nxe2 Nc5 21. Ng3 Qa5 22. Bd4 Rfd8 23. g5 Ne8 24. Bxg7 Nxg7 25. Ne2 Nge6 26. Bg4 Nxe4 27. Qe3 axb3 28. cxb3 Rc2 29. a4 Rxe2 30. Bxe2 Nc3+ 31. Kb2 Nxd1+ 32. Rxd1 Qf5 33. Rf1 Rc8 34. Bd3 Qd5 35. f5 Qg2+ 36. Rf2 Qxg5 37. Qxg5 Nxg5 38. Rf4 Rb8 39. fxg6 hxg6 40. Bb5 e5 41. Rxb4 d5 42. Rg4 Ne6 43. b4 Nd4 44. Rxd4 exd4 45. Kb3 Kf8 46. Bc6 d3 47. b5 Ke7 48. a5 f5 49. Kc3 f4 50. Kxd3 Kd6 51. a6 f3 52. a7 Rd8 53. a8=Q Rxa8 54. Bxa8 Kc5 55. Bc6 d4 56. h4 Kb6 57. Be8 Kc5 58. Bxg6 1-0

[Event "NRW-Liga II 9495"]
[Site "GER"]
[Date "1995.??.??"]
[Round "?"]
[White "Maus, Siegfried"]
[Black "Kroeger, Fabian"]
[Result "0-1"]
[WhiteElo "2300"]
[BlackElo "2100"]
[PlyCount "70"]
[EventDate "1994.??.??"]
[Source "www.chesslib.no"]
[SourceDate "2004.05.04"]

1. e4 c5 2. Nf3 d6 3. d4 cxd4 4. Nxd4 Nf6 5. Nc3 g6 6. Be3 Bg7 7. Be2 O-O 8. f4 Nc6 9. Nb3 Be6 10. g4 Na5 11. f5 Bc4 12. e5 Ne8 13. exd6 Nxd6 14. O-O Bxe2 15. Qxe2 Nac4 16. Bg5 Qb6+ 17. Rf2 Qc6 18. Bxe7 Rfe8 19. f6 Bh6 20. Rd1 Nxb2 21. Rxd6 Qxc3 22. Kg2 Rac8 23. Qb5 Nc4 24. Rd3 Ne3+ 25. Kf3 Qe1 26. g5 Nd1 27. Rg2 Bf8 28. Qxb7 Bxe7 29. fxe7 Rc4 30. Nd4 Rxd4 31. Rxd4 Qe3+ 32. Kg4 Qxd4+ 33. Kh3 Nf2+ 34. Kg3 Ne4+ 35. Kh3 Qe3+ 0-1

[Event "TCh-Europe u18"]
[Site "?"]
[Date "2003.07.21"]
[Round "3"]
[White "Marchhart Matthias"]
[Black "Kanovsky David"]
[Result "0-1"]
[WhiteElo "2131"]
[BlackElo "2254"]
[PlyCount "106"]
[EventDate "2003.??.??"]
[Source "www.chesslib.no"]
[SourceDate "2004.05.04"]

1. e4 c5 2. Nf3 d6 3. d4 cxd4 4. Nxd4 Nf6 5. Nc3 g6 6. Be3 Bg7 7. Be2 O-O 8. O-O a6 9. a4 Nbd7 10. f4 Qc7 11. Bf3 Nb6 12. Qe2 Nc4 13. e5 dxe5 14. Ndb5 axb5 15. Nxb5 Qa5 16. Qxc4 Be6 17. Qc5 Rfc8 18. Qxe7 e4 19. b4 Qa6 20. Nc7 Rxc7 21. Qxc7 Rc8 22. b5 Qa8 23. Qd6 exf3 24. Rad1 h5 25. gxf3 Qxa4 26. b6 Kh7 27. Rd2 Rxc2 28. Rxc2 Qxc2 29. Rf2 Qb1+ 30. Rf1 Qb3 31. Qd2 Nd5 32. Bd4 Bxd4+ 33. Qxd4 Qxb6 34. Qxb6 Nxb6 35. Rb1 Nd5 36. Rxb7 Nxf4 37. Kf2 h4 38. Ke3 g5 39. Rb8 Kg6 40. Ke4 Bd5+ 41. Ke3 Kf5 42. Rb5 Ke5 43. Rb8 Ne6 44. Rb5 Nd4 45. Rb8 Nxf3 46. Re8+ Kf5 47. Rd8 Bc6 48. Rc8 Ne5 49. Kd4 Bf3 50. Ke3 Bd5 51. Rc5 Be6 52. h3 Kf6 53. Ke4 Ng6 0-1

[Event "ClassM.018 IECG email"]
[Site "ClassM.018 IECG email"]
[Date "1996.??.??"]
[Round "?"]
[White "Tarmak, Mart"]
[Black "Hartmann, Ralf"]
[Result "1/2-1/2"]
[WhiteElo "2270"]
[BlackElo "2105"]
[PlyCount "40"]
[EventDate "1996.??.??"]
[Source "www.chesslib.no"]
[SourceDate "2004.05.04"]

1. e4 c5 2. Nf3 d6 3. d4 cxd4 4. Nxd4 Nf6 5. Nc3 g6 6. Be3 Bg7 7. Be2 O-O 8. Qd2 Nc6 9. O-O-O d5 10. Nxc6 bxc6 11. exd5 cxd5 12. Nxd5 Nxd5 13. Qxd5 Qc7 14. Qxa8 Bf5 15. Qxf8+ Kxf8 16. Rd2 Qb8 17. b3 Bc3 18. Rdd1 Qb4 19. Kb1 Bf6 20. Bd3 Qc3 1/2-1/2

[Event "Springfield, MA"]
[Site "?"]
[Date "2001.09.02"]
[Round "4"]
[White "Friedel Josh"]
[Black "La Rocca Mark"]
[Result "1/2-1/2"]
[WhiteElo "2215"]
[BlackElo "2159"]
[PlyCount "32"]
[EventDate "2001.??.??"]
[Source "www.chesslib.no"]
[SourceDate "2004.05.04"]

1. e4 c5 2. Nf3 d6 3. d4 cxd4 4. Nxd4 Nf6 5. Nc3 g6 6. Be3 Bg7 7. Be2 O-O 8. Nb3 Nc6 9. f4 Be6 10. g4 Bxb3 11. axb3 d5 12. exd5 Nb4 13. Bf3 Rc8 14. Qd2 Nfxd5 15. Nxd5 Nxc2+ 16. Kf2 Nxe3 1/2-1/2

[Event "Dov Porath mem"]
[Site "Givatayim"]
[Date "1997.??.??"]
[Round "3"]
[White "Bar, Roman"]
[Black "Blodstein, Boris"]
[Result "1/2-1/2"]
[WhiteElo "2160"]
[BlackElo "2200"]
[PlyCount "105"]
[EventDate "1997.03.10"]
[Source "ChessBase"]
[SourceDate "1997.07.29"]

1. e4 c5 2. Nf3 d6 3. d4 cxd4 4. Nxd4 Nf6 5. Nc3 g6 6. Be3 Bg7 7. Be2 O-O 8. h4 Nc6 9. h5 Nxd4 10. Bxd4 Be6 11. Qd2 Qa5 12. f3 Rac8 13. g4 Bc4 14. Bxc4 Rxc4 15. Bxf6 Bxf6 16. Nd5 Qxd2+ 17. Kxd2 Bg5+ 18. Kd3 Rfc8 19. f4 Bf6 20. g5 Rd4+ 21. Ke3 Rxd5 22. exd5 Bxb2 23. Rab1 Rxc2 24. Kd3 Rf2 25. Rhf1 Rxf1 26. Rxf1 Ba3 27. hxg6 hxg6 28. Rb1 b6 29. Kc4 Bc5 30. Kb5 a5 31. a4 e6 32. Kc6 exd5 33. Kxd5 Be3 34. Rf1 Bc5 35. Re1 Kg7 36. Re8 Bb4 37. Rb8 Bc5 38. Rb7 Kf8 39. Rb8+ Ke7 40. Rb7+ Kf8 41. Kc6 Be3 42. Rxb6 Bxf4 43. Ra6 Bd2 44. Kxd6 Bb4+ 45. Kd7 Bd2 46. Ra7 f6 47. gxf6 Kf7 48. Ra6 g5 49. Rd6 Bc3 50. Kc6 g4 51. Kb5 g3 52. Rd3 Be1 53. Re3 1/2-1/2

[Event "Karl Mala mem op"]
[Site "?"]
[Date "2003.07.25"]
[Round "3"]
[White "Roemhild Marcus"]
[Black "Kreiling Carsten"]
[Result "1-0"]
[WhiteElo "2197"]
[BlackElo "2141"]
[PlyCount "63"]
[EventDate "2003.??.??"]
[Source "www.chesslib.no"]
[SourceDate "2004.05.04"]

1. e4 c5 2. Nf3 d6 3. d4 cxd4 4. Nxd4 Nf6 5. Nc3 g6 6. Be3 Bg7 7. Be2 Nc6 8. Nb3 O-O 9. f4 Be6 10. g4 Na5 11. g5 Nd7 12. Bd4 Nxb3 13. axb3 Bxd4 14. Qxd4 Qb6 15. Qd2 f6 16. h4 Rf7 17. O-O-O Nc5 18. Bc4 Bxc4 19. bxc4 fxg5 20. hxg5 e6 21. Kb1 Raf8 22. f5 gxf5 23. g6 hxg6 24. exf5 exf5 25. Qh2 Rg7 26. Rxd6 Qa5 27. Rxg6 Kf7 28. Rxg7+ Kxg7 29. Qh7+ Kf6 30. Nd5+ Ke5 31. Qg7+ Ke4 32. Qxf8 1-0

[Event "Landesliga N Bayern 9495"]
[Site "GER"]
[Date "1995.??.??"]
[Round "3"]
[White "Vojtech, Jaroslav"]
[Black "Beuchler, Holger"]
[Result "1-0"]
[WhiteElo "2310"]
[BlackElo "2020"]
[PlyCount "117"]
[EventDate "1994.10.??"]
[Source "www.chesslib.no"]
[SourceDate "2004.05.04"]

1. e4 c5 2. Nf3 d6 3. d4 cxd4 4. Nxd4 Nf6 5. Nc3 g6 6. Be3 Bg7 7. Be2 Nc6 8. Nb3 O-O 9. f4 Be6 10. g4 Na5 11. g5 Nd7 12. Qd2 Rc8 13. Bd4 Nc4 14. Bxc4 Rxc4 15. Bxg7 Kxg7 16. O-O-O b5 17. Nd4 b4 18. Nce2 Qa5 19. Kb1 Nc5 20. Ng3 Na4 21. Nb3 Qb5 22. f5 Qe5 23. Nd4 Bd7 24. f6+ exf6 25. gxf6+ Qxf6 26. Rhf1 Qe5 27. Qf2 Bg4 28. Rd2 Be6 29. Nxe6+ Qxe6 30. Qf4 Qe5 31. Qxe5+ dxe5 32. Rd7 Nc5 33. Rxa7 Nxe4 34. Kc1 Nxg3 35. hxg3 Rg4 36. Rf3 h5 37. Re7 e4 38. Re3 Kf6 39. R7xe4 Rxe4 40. Rxe4 Rb8 41. Kd2 Kf5 42. Rf4+ Ke6 43. c3 g5 44. Rxb4 Rxb4 45. cxb4 h4 46. gxh4 gxh4 47. Ke3 Kd5 48. b5 Kc5 49. a4 f5 50. Kf4 Kb6 51. b4 Kb7 52. a5 Ka7 53. b6+ Ka6 54. b5+ Kb7 55. Kf3 Ka8 56. a6 Kb8 57. Kf4 Kc8 58. b7+ Kb8 59. b6 1-0

[Event "AUT-chT2O 9798"]
[Site "Austria"]
[Date "1998.03.12"]
[Round "12"]
[White "Schuh, Franz"]
[Black "Imhof, Gernot"]
[Result "0-1"]
[WhiteElo "2260"]
[BlackElo "2070"]
[PlyCount "92"]
[EventDate "1997.??.??"]
[Source "www.chesslib.no"]
[SourceDate "2004.05.04"]

1. e4 c5 2. Nf3 d6 3. d4 cxd4 4. Nxd4 Nf6 5. Nc3 g6 6. Be3 Bg7 7. Be2 Nc6 8. Nb3 O-O 9. f4 Be6 10. g4 Rc8 11. f5 Bd7 12. g5 Nxe4 13. Nxe4 Bxf5 14. Bd3 Nb4 15. Nd4 Qa5 16. O-O Bxd4 17. Bxd4 Qd5 18. Nf6+ exf6 19. Bxf5 gxf5 20. Bxf6 Rxc2 21. Rf3 Re8 22. Qxd5 Nxd5 23. Rd1 Nxf6 24. gxf6 h6 25. Rxd6 Re1+ 26. Rf1 Rxf1+ 27. Kxf1 Rxh2 28. b4 Rxa2 29. Rd8+ Kh7 30. Rd7 b6 31. Rxf7+ Kg6 32. Rf8 Ra4 33. b5 Ra5 34. Rh8 Kxf6 35. Rxh6+ Kg7 36. Rc6 Ra2 37. Rd6 Kf7 38. Rc6 Ke7 39. Rh6 Ra5 40. Ke2 Rxb5 41. Rh7+ Kd6 42. Rxa7 Rd5 43. Ra1 Kc6 44. Ke3 b5 45. Rc1+ Kb6 46. Ra1 Kc5 0-1